Sports Quiz

Random Sports or NFL Quiz

Most Recent NFL Playoff Victories Quiz Stats

 Plays Quiz not verified by Sporcle

Score 0/32 Timer 05:00
0 Plays Today
Franchise % Correct
Indianapolis Colts
80.8%
New Orleans Saints
78%
New York Jets
72.3%
Minnesota Vikings
66.7%
Baltimore Ravens
60.7%
Pittsburgh Steelers
57.8%
Arizona Cardinals
56.5%
Green Bay Packers
54.2%
Dallas Cowboys
51.9%
New York Giants
49.7%
New England Patriots
49.1%
Philadelphia Eagles
45.8%
Chicago Bears
39.9%
Tampa Bay Buccaneers
39.5%
Seattle Seahawks
39%
San Diego Chargers
38.7%
Franchise % Correct
Houston Texans
35.3%
Oakland Raiders
32.4%
Jacksonville Jaguars
30.7%
Carolina Panthers
25.8%
Denver Broncos
25.6%
Detroit Lions
25.5%
Buffalo Bills
24.4%
Cleveland Browns
23%
Washington Redskins
22.5%
Cincinnati Bengals
22%
Atlanta Falcons
21%
St. Louis Rams
20.6%
Kansas City Chiefs
20.1%
Miami Dolphins
19.2%
Tennessee Titans
19.1%
San Francisco 49ers
18.6%

You're not logged in!

Compare scores with friends on all Sporcle quizzes.
OR
Log In

Show Comments

Extras

Top Quizzes Today


Score Distribution

Your Account Isn't Verified!

In order to create a playlist on Sporcle, you need to verify the email address you used during registration. Go to your Sporcle Settings to finish the process.

Report this User

Report this user for behavior that violates our Community Guidelines.

Details: